000
00301nam a22001337a 4500
008
170823b xxu||||| |||| 00| 0 eng d
020
_a
9780495563396
041
_a
eng
080
_a
51
100
_a
38
101
_a
MAT
245
_a
CALCULUS EARLY TRANSCENDENTALS
_c
STEWART.J
942
_2
udc
_c
BK
999
_c
24623
_d
24623